[Event "II Memorial Oliver Gonzalez"]
[Site "Madrid"]
[Date "2011.10.11"]
[Round "4.22"]
[White "Ciuro Muñoz, Ricardo"]
[Black "Gomez Ferrer, Jesus"]
[Result "1-0"]
[WhiteElo "2156"]
[BlackElo "1942"]
[PlyCount "71"]
[EventDate "2011.10.08"]

1. e4 c5 2. Nf3 a6 3. g3 g6 4. Bg2 Bg7 5. O-O Nf6 6. Re1 Nc6 7. c3 c4 8. b3 b5
9. bxc4 bxc4 10. Qe2 Bb7 11. Na3 a5 12. Qxc4 Ba6 13. Nb5 O-O 14. a4 Rc8 15. Qe2
d5 16. e5 Ne4 17. Ba3 Na7 18. Rab1 Qd7 19. Bf1 Nxb5 20. axb5 Bb7 21. Qd3 Rfd8
22. Qe3 Bf8 23. Ra1 h6 24. Nd4 Ng5 25. e6 fxe6 26. h4 Ne4 27. Bh3 Kh8 28. Nxe6
Qxb5 29. Qd4+ Kh7 30. Rab1 Qa6 31. Nxd8 Bg7 32. Qb6 Qd3 33. Qe3 Ba6 34. Qxd3
Bxd3 35. Bxc8 Nxd2 36. Rbc1 1-0

[Event "II Memorial Oliver Gonzalez"]
[Site "Madrid"]
[Date "2011.10.11"]
[Round "4.23"]
[White "Rodrigo Yanguas, Maria"]
[Black "Lopez Heras, Arturo"]
[Result "1-0"]
[WhiteElo "2135"]
[BlackElo "1904"]
[PlyCount "37"]
[EventDate "2011.10.08"]

1. e4 c5 2. Nf3 d6 3. d4 cxd4 4. Nxd4 Nf6 5. Nc3 g6 6. Be2 Bg7 7. O-O O-O 8.
Bg5 Nc6 9. Nb3 a5 10. a4 Be6 11. Kh1 Nd7 12. f4 Bxb3 13. cxb3 Nc5 14. Bc4 h6
15. Bh4 Bxc3 16. bxc3 Nxe4 17. Qd3 g5 18. Qxe4 e6 19. Bd3 1-0

[Event "II Memorial Oliver Gonzalez"]
[Site "Madrid"]
[Date "2011.10.11"]
[Round "4.24"]
[White "Morona Minguez, Irene"]
[Black "Pascual Palomo, Lucia"]
[Result "1-0"]
[WhiteElo "1894"]
[BlackElo "2119"]
[PlyCount "57"]
[EventDate "2011.10.08"]

1. e4 e6 2. d4 d5 3. Nc3 Bb4 4. e5 c5 5. a3 Bxc3+ 6. bxc3 Qc7 7. Qg4 f5 8. Qg3
cxd4 9. cxd4 Ne7 10. Bd2 O-O 11. Bd3 b6 12. Ne2 Ng6 13. O-O Ba6 14. h4 Rf7 15.
h5 Nf8 16. Nf4 Kh8 17. Bb4 Qd7 18. Ng6+ Nxg6 19. hxg6 hxg6 20. Qxg6 Bxd3 21.
cxd3 Nc6 22. g3 Nxb4 23. axb4 Rc8 24. Kg2 Kg8 25. Rh1 Qe8 26. Qh7+ Kf8 27. Qh8+
Ke7 28. Rxa7+ Kd8 29. Rxf7 1-0

[Event "II Memorial Oliver Gonzalez"]
[Site "Madrid"]
[Date "2011.10.11"]
[Round "4.25"]
[White "Garcia Martin, Juan Manuel"]
[Black "Garcia Diaz, Victor Manuel"]
[Result "0-1"]
[WhiteElo "1932"]
[BlackElo "2114"]
[PlyCount "80"]
[EventDate "2011.10.08"]

1. d4 b5 2. Bf4 Bb7 3. e3 e6 4. Nf3 a6 5. a4 b4 6. g3 h6 7. h4 Nf6 8. Be5 Ne4
9. Bg2 d6 10. Bf4 Be7 11. Nfd2 Nc3 12. bxc3 Bxg2 13. Rh2 bxc3 14. Nxc3 Bb7 15.
Nc4 c5 16. dxc5 O-O 17. cxd6 Bf6 18. Be5 Nd7 19. f4 Rc8 20. Qd4 Rxc4 21. Qxc4
Bxe5 22. Rb1 Bxc3+ 23. Qxc3 Bd5 24. Qc7 Qxc7 25. dxc7 Rc8 26. c4 Be4 27. Rd1
Rxc7 28. Rhd2 Nc5 29. Rd4 h5 30. Rd8+ Kh7 31. R1d4 Kg6 32. Rh8 Bf5 33. Ra8 Rb7
34. Rc8 Ne4 35. c5 Rb1+ 36. Rd1 Rb2 37. c6 Rc2 38. c7 Bg4 39. Ra1 Rh2 40. Kf1
Bf3 0-1

[Event "II Memorial Oliver Gonzalez"]
[Site "Madrid"]
[Date "2011.10.11"]
[Round "4.26"]
[White "Spitzer Isbert, Ramon"]
[Black "Pradas Ojeda, Santiago"]
[Result "1-0"]
[WhiteElo "2099"]
[BlackElo "1585"]
[PlyCount "59"]
[EventDate "2011.10.08"]

1. e4 e5 2. f4 Bc5 3. Nf3 d6 4. Bc4 Nc6 5. b4 Bxb4 6. O-O Nf6 7. c3 Ba5 8. fxe5
Nxe5 9. Nxe5 dxe5 10. Ba3 Bb6+ 11. d4 exd4 12. Kh1 Be6 13. Bxe6 fxe6 14. e5 Nd5
15. Qf3 Kd7 16. c4 Ne7 17. Qxb7 Rf8 18. Nd2 Rxf1+ 19. Rxf1 Rb8 20. Qe4 c5 21.
Qxh7 Qh8 22. Qe4 Nf5 23. Rxf5 exf5 24. Qxf5+ Ke7 25. Qg5+ Kf8 26. e6 Re8 27.
Qf5+ Kg8 28. Qf7+ Kh7 29. Qh5+ Kg8 30. Qxe8+ 1-0

[Event "II Memorial Oliver Gonzalez"]
[Site "Madrid"]
[Date "2011.10.11"]
[Round "4.27"]
[White "Vargas Huamani, Juan C"]
[Black "Pinel Mirasierra, Jose Pablo"]
[Result "0-1"]
[WhiteElo "1912"]
[BlackElo "2097"]
[PlyCount "72"]
[EventDate "2011.10.08"]

1. c4 f5 2. Nc3 Nf6 3. g3 e6 4. Bg2 d5 5. d4 Be7 6. Nf3 O-O 7. O-O c6 8. b3 Ne4
9. Na4 Nd7 10. Nb2 b6 11. Nd3 Ba6 12. Nfe5 Nxe5 13. Nxe5 Rc8 14. Bb2 c5 15.
cxd5 exd5 16. f3 Nf6 17. Qd2 c4 18. Rfe1 Qc7 19. Rac1 b5 20. Bc3 Bb7 21. Bb4
Rfe8 22. Bxe7 Qxe7 23. bxc4 bxc4 24. Qa5 Ba8 25. Rc3 Nd7 26. Nxd7 Qxd7 27. Ra3
Rc7 28. e3 Rb8 29. f4 Rb2 30. h3 Kf8 31. Bf3 g6 32. g4 Rb5 33. Qa6 Rb6 34. Qa5
Qc6 35. Rc1 Qb7 36. Rac3 Ra6 0-1

[Event "II Memorial Oliver Gonzalez"]
[Site "Madrid"]
[Date "2011.10.11"]
[Round "4.29"]
[White "Cabañas Bravo, Juan Andres"]
[Black "Tamaslacariu, Ionut"]
[Result "1-0"]
[WhiteElo "2065"]
[BlackElo "1831"]
[PlyCount "61"]
[EventDate "2011.10.08"]

1. e4 e5 2. d4 exd4 3. c3 dxc3 4. Bc4 Qe7 5. Nxc3 Nf6 6. Nf3 Nc6 7. O-O Ne5 8.
Nxe5 Qxe5 9. Qb3 Qh5 10. e5 Ng4 11. Bf4 Bc5 12. Ne4 Bd4 13. h3 Nxe5 14. Ng3 Qg6
15. Bxe5 Bxe5 16. Rae1 d6 17. f4 O-O 18. fxe5 Be6 19. Bxe6 fxe6 20. exd6 Rxf1+
21. Nxf1 Kh8 22. Qxb7 Rf8 23. dxc7 Qc2 24. Qb8 Qf2+ 25. Kh1 Qf4 26. Qxa7 Qc4
27. Nh2 h6 28. Ng4 Qb4 29. Rd1 Kh7 30. Qa3 Qf4 31. Qd3+ 1-0

[Event "II Memorial Oliver Gonzalez"]
[Site "Madrid"]
[Date "2011.10.11"]
[Round "4.31"]
[White "Gadeo Colomina, Francisco"]
[Black "Lopez Mulet, Inigo"]
[Result "1-0"]
[WhiteElo "2036"]
[BlackElo "1839"]
[PlyCount "161"]
[EventDate "2011.10.08"]

1. d4 Nf6 2. c4 c5 3. d5 b5 4. cxb5 a6 5. bxa6 g6 6. Nc3 Bxa6 7. e4 Bxf1 8.
Kxf1 d6 9. Nf3 Nbd7 10. h3 Bg7 11. Kg1 O-O 12. Kh2 Qa5 13. Re1 Rfb8 14. Re2 Ne8
15. Rc2 Nc7 16. Bg5 Kf8 17. Rac1 Ne5 18. Nxe5 Bxe5+ 19. f4 Bd4 20. Re2 Nb5 21.
Nxb5 Rxb5 22. b3 Qd8 23. Qd3 Rba5 24. Rcc2 R8a7 25. Bh4 Ra3 26. Bf2 Bg7 27. Qd2
Qa5 28. b4 Qa6 29. bxc5 Rd3 30. Qc1 Rc3 31. Qd1 Rc7 32. c6 Qa4 33. Qb1 Rc8 34.
Rb2 Bf6 35. Rb8 Rxb8 36. Qxb8+ Kg7 37. Qb1 Qa6 38. Qd1 Qc4 39. c7 Qxc7 40. Bd4
Bxd4 41. Qxd4+ f6 42. e5 dxe5 43. fxe5 Rc4 44. d6 Rxd4 45. dxc7 Rc4 46. exf6+
Kxf6 47. a4 Rxc7 48. a5 e5 49. a6 Kf5 50. Ra2 Ra7 51. Ra4 e4 52. Kg3 Ke5 53.
Kf2 h5 54. Ke3 Kd5 55. Ra5+ Kc6 56. Kxe4 Kb6 57. Ra2 Re7+ 58. Kf4 Ka7 59. Kg5
Re6 60. g4 hxg4 61. hxg4 Re4 62. Rf2 Kxa6 63. Rf6+ Kb7 64. Rxg6 Kc7 65. Rf6 Kd7
66. Rf2 Ke6 67. Kh5 Re1 68. Kg6 Re3 69. g5 Re1 70. Kg7 Re3 71. g6 Ke7 72. Kg8
Re4 73. g7 Ke8 74. Rh2 Rg4 75. Re2+ Kd7 76. Kh7 Rh4+ 77. Kg6 Rg4+ 78. Kh6 Rg1
79. Re5 Rh1+ 80. Kg6 Rg1+ 81. Rg5 1-0

[Event "II Memorial Oliver Gonzalez"]
[Site "Madrid"]
[Date "2011.10.11"]
[Round "4.34"]
[White "Herraiz Hidalgo, Herminio"]
[Black "Montoya Pecurul, Marc"]
[Result "1-0"]
[WhiteElo "2464"]
[BlackElo "1776"]
[PlyCount "55"]
[EventDate "2011.10.08"]

1. d4 d5 2. c4 e6 3. Nc3 Nf6 4. Bg5 Be7 5. e3 O-O 6. Rc1 b6 7. cxd5 exd5 8. Bd3
Nbd7 9. Nf3 Bb7 10. O-O c5 11. Bf5 a6 12. dxc5 bxc5 13. Bxd7 Qxd7 14. Na4 Qb5
15. Bxf6 gxf6 16. b4 Rac8 17. bxc5 Bxc5 18. Nxc5 Rxc5 19. Nd4 Qb6 20. Rb1 Qc7
21. Qg4+ Kh8 22. Qh4 Bc8 23. Qxf6+ Kg8 24. f4 Qd8 25. Qh6 Kh8 26. Nc6 Qe8 27.
Qf6+ Kg8 28. Ne7+ 1-0

[Event "II Memorial Oliver Gonzalez"]
[Site "Madrid"]
[Date "2011.10.11"]
[Round "4.35"]
[White "Vazquez Torres, Adrian"]
[Black "Bolea Olivan, Jose Angel"]
[Result "1-0"]
[WhiteElo "2148"]
[BlackElo "1870"]
[PlyCount "99"]
[EventDate "2011.10.08"]

1. e4 c5 2. Nf3 e6 3. b3 Nc6 4. Bb5 Be7 5. Bb2 Nf6 6. Nc3 O-O 7. e5 Ng4 8. Qe2
Nb4 9. O-O a6 10. Bd3 Nxd3 11. Qxd3 d5 12. exd6 Qxd6 13. Qxd6 Bxd6 14. Ne4 Be7
15. Rfe1 Bd7 16. h3 Nf6 17. Ne5 Rad8 18. Nxd7 Rxd7 19. Nxf6+ Bxf6 20. Bxf6 gxf6
21. d3 b5 22. a4 b4 23. Re4 Rd5 24. Rae1 h5 25. R1e3 Rd4 26. f4 Rfd8 27. f5 e5
28. Kf2 Kh7 29. Kf3 Kh6 30. h4 Rg8 {(=)} 31. Kf2 Rgd8 32. g3 Rg8 33. Kf3 Rgd8
34. Re1 a5 35. Rg1 Rxe4 36. Kxe4 Rd4+ 37. Kf3 e4+ 38. dxe4 Rd2 39. Rg2 Rd1 40.
Ke2 Rd8 41. Ke3 c4 42. bxc4 Rb8 43. c5 b3 44. cxb3 Rxb3+ 45. Kd4 Rb4+ 46. Kd5
Rxa4 47. c6 Ra1 48. Rc2 Rd1+ 49. Kc5 Rd8 50. c7 1-0

[Event "II Memorial Oliver Gonzalez"]
[Site "Madrid"]
[Date "2011.10.11"]
[Round "4.36"]
[White "Cavalle Pulla, Daniel"]
[Black "Blanco Sanchez, Jose Fernando"]
[Result "0-1"]
[WhiteElo "1987"]
[BlackElo "2115"]
[PlyCount "78"]
[EventDate "2011.10.08"]

1. e4 e5 2. Nf3 Nc6 3. Bc4 Nf6 4. d3 Be7 5. O-O d6 6. Bb3 O-O 7. c3 h6 8. Nbd2
Nh7 9. Re1 Ng5 10. h3 Nxf3+ 11. Nxf3 Bf6 12. Be3 Qe7 13. Rc1 Nd8 14. d4 Ne6 15.
Nh2 Bg5 16. Nf1 Bxe3 17. Nxe3 Nf4 18. Nd5 Nxd5 19. Bxd5 Qg5 20. Re3 Kh8 21. Rg3
Qe7 22. Qd2 c6 23. Bb3 Bd7 24. Rd1 Be6 25. Bxe6 Qxe6 26. d5 Qd7 27. dxc6 Qxc6
28. Qxd6 Rad8 29. Qxd8 Rxd8 30. Rxd8+ Kh7 31. Re3 g6 32. Rd5 Qa4 33. Rxe5 Qd1+
34. Kh2 Qd6 35. f4 f6 36. Rd3 Qxd3 37. Re7+ Kg8 38. Rxb7 a5 39. e5 Qe4 0-1

[Event "II Memorial Oliver Gonzalez"]
[Site "Madrid"]
[Date "2011.10.11"]
[Round "4.37"]
[White "Marcos Herrero, Francisco"]
[Black "Barajas Fernandez, Helios"]
[Result "0-1"]
[WhiteElo "1846"]
[BlackElo "2104"]
[PlyCount "50"]
[EventDate "2011.10.08"]

1. d4 d5 2. c4 dxc4 3. Nc3 c5 4. e3 cxd4 5. exd4 Nf6 6. Bxc4 e6 7. Nf3 Be7 8.
O-O O-O 9. Qe2 a6 10. Bf4 b5 11. Bb3 Bb7 12. Rad1 b4 13. Na4 Qa5 14. Nc5 Bd5
15. Bxd5 Nxd5 16. Bxb8 Rfxb8 17. Nxe6 Re8 18. Nxg7 Kxg7 19. Qe5+ Bf6 20. Qg3+
Kh8 21. Ne5 Bxe5 22. dxe5 Rad8 23. Rd4 Ne7 24. Re4 Qd5 25. Rfe1 Qxe4 0-1

[Event "II Memorial Oliver Gonzalez"]
[Site "Madrid"]
[Date "2011.10.11"]
[Round "4.39"]
[White "Garcia Saez, Juan Carlos"]
[Black "Sierra Soria, Maria"]
[Result "1-0"]
[WhiteElo "2070"]
[BlackElo "1782"]
[PlyCount "53"]
[EventDate "2011.10.08"]

1. e4 c5 2. Nf3 d6 3. d4 cxd4 4. Nxd4 Nf6 5. Nc3 a6 6. Bc4 e6 7. a3 Nbd7 8. Be3
Nc5 9. f3 b5 10. Ba2 Qc7 11. Qd2 Rb8 12. O-O Be7 13. b4 Nb7 14. Rfd1 O-O 15.
Rac1 Bd7 16. Nce2 e5 17. Nf5 Be6 18. c4 Qd8 19. cxb5 axb5 20. Nc3 Bxf5 21. exf5
Qd7 22. Qd3 Nd8 23. g4 Qb7 24. Nd5 Nxd5 25. Bxd5 Qa6 26. Rc7 Re8 27. Ra7 1-0

[Event "II Memorial Oliver Gonzalez"]
[Site "Madrid"]
[Date "2011.10.11"]
[Round "4.41"]
[White "Alvarez Abejon, Amilcar"]
[Black "Ibañez Moreno, Sergio"]
[Result "1-0"]
[WhiteElo "2038"]
[BlackElo "1789"]
[PlyCount "133"]
[EventDate "2011.10.08"]

1. e4 e6 2. d4 d5 3. Nc3 dxe4 4. Nxe4 Nf6 5. Nxf6+ Qxf6 6. Nf3 h6 7. Bd3 Nc6 8.
Qe2 Nxd4 9. Nxd4 Qxd4 10. O-O Bd6 11. Be3 Qf6 12. Rad1 O-O 13. f4 b6 14. Be4
Rb8 15. Bd4 Qe7 16. Rf3 Bb7 17. Rg3 f6 18. Bxb7 Rxb7 19. Rf1 Bc5 20. Bxc5 Qxc5+
21. Kh1 Qf5 22. Rd3 Re8 23. Rd7 e5 24. Qb5 Qe4 25. Rxg7+ Kxg7 26. Qxe8 c5 27.
f5 Rf7 28. h3 h5 29. c3 h4 30. Kh2 Qe2 31. Rf3 Qxb2 32. Qa4 Kf8 33. Qxh4 Qxa2
34. Rd3 Ke7 35. Qh8 Rf8 36. Qg7+ Qf7 37. Qg4 Rd8 38. Rg3 Rd7 39. Qh4 Kd6 40.
Rg6 Kc7 41. Rxf6 Qd5 42. c4 Qd4 43. Rh6 e4 44. Re6 Qxc4 45. Qf4+ Kb7 46. Rxe4
Qc2 47. f6 Rd2 48. Qf3 Rf2 49. Re7+ Ka6 50. Qb7+ Kb5 51. f7 Qc1 52. Qd7+ Ka5
53. Re4 Qc2 54. Qxa7+ Kb5 55. Qd7+ Ka5 56. Rg4 c4 57. Qe7 Qb3 58. f8=Q Rxf8 59.
Qxf8 c3 60. Qa8+ Kb5 61. Rg5+ Kb4 62. Rg4+ Kb5 63. Qe8+ Ka5 64. Rg3 Qb2 65.
Qe5+ Kb4 66. Qd4+ Kb3 67. Qxb6+ 1-0

[Event "II Memorial Oliver Gonzalez"]
[Site "Madrid"]
[Date "2011.10.11"]
[Round "4.42"]
[White "Bolea Jover, Jose"]
[Black "Hernandez Mateo, Borja"]
[Result "1-0"]
[WhiteElo "2021"]
[BlackElo "1746"]
[PlyCount "33"]
[EventDate "2011.10.08"]

1. e4 c5 2. c3 d6 3. d4 cxd4 4. cxd4 Nf6 5. Nc3 a6 6. Nf3 Nc6 7. d5 Ne5 8. Nxe5
dxe5 9. Qb3 Qc7 10. Be3 b5 11. Rc1 Qa5 12. Bd3 e6 13. O-O exd5 14. Nxd5 Bd6 15.
Bb6 Qa4 16. Nxf6+ gxf6 17. Qd5 1-0

[Event "II Memorial Oliver Gonzalez"]
[Site "Madrid"]
[Date "2011.10.11"]
[Round "4.43"]
[White "Garcia Donoso, Alberto"]
[Black "Campos Palacios, Daniel"]
[Result "1-0"]
[WhiteElo "1744"]
[BlackElo "1958"]
[PlyCount "55"]
[EventDate "2011.10.08"]

1. e4 c5 2. Nc3 e6 3. g3 d5 4. d3 Be7 5. Bg2 dxe4 6. Nxe4 Nf6 7. Nxf6+ Bxf6 8.
c3 O-O 9. Be4 Qc7 10. h4 Be7 11. Nh3 f5 12. Ng5 Bxg5 13. hxg5 fxe4 14. Bf4 Qf7
15. dxe4 Nc6 16. Qc2 e5 17. Be3 b6 18. f4 g6 19. Rh6 Bg4 20. Qh2 Rad8 21. Qh4
Be6 22. Kf2 Qd7 23. Rh1 Rf7 24. Rxg6+ Rg7 25. Qxh7+ Kf8 26. Rf6+ Rf7 27. Qh6+
Ke7 28. Rxf7+ 1-0

[Event "II Memorial Oliver Gonzalez"]
[Site "Madrid"]
[Date "2011.10.11"]
[Round "4.45"]
[White "Aragon Gutierrez, Alejandro"]
[Black "Peñaranda Grilo, Juan Carlos"]
[Result "1-0"]
[WhiteElo "1732"]
[BlackElo "1889"]
[PlyCount "123"]
[EventDate "2011.10.08"]

1. d4 d5 2. c4 e6 3. Nf3 Be7 4. Nc3 Nf6 5. Bg5 O-O 6. e3 h6 7. Bh4 b6 8. Rc1
Bb7 9. Bd3 Nbd7 10. O-O c5 11. cxd5 exd5 12. Re1 Ne4 13. Bxe4 dxe4 14. Bxe7
Qxe7 15. Nd2 f5 16. Ne2 Rac8 17. Nf4 Qf7 18. Nc4 Qf6 19. Qb3 Kh7 20. Red1 Rfd8
21. Qa3 a6 22. b4 g5 23. Ne2 f4 24. dxc5 f3 25. Ng3 fxg2 26. Nd6 Rf8 27. Rd2
Bc6 28. Nxc8 Rxc8 29. Rd6 Qf3 30. Qb2 bxc5 31. Qe2 Qf8 32. Rcd1 Ne5 33. Qb2
Nf3+ 34. Kxg2 Nh4+ 35. Kf1 Bb5+ 36. Ne2 Qf3 37. Ke1 Ng2+ 38. Kf1 Nxe3+ 39. Ke1
Nxd1 40. Kxd1 Qxe2+ 41. Qxe2 Bxe2+ 42. Kxe2 cxb4 43. Rxa6 Rc2+ 44. Ke3 Rb2 45.
Rb6 Rxa2 46. Rxb4 Ra3+ 47. Kxe4 Rh3 48. Rb6 Rxh2 49. Kf3 Rh4 50. Kg3 Rf4 51.
Rd6 Kg7 52. Rb6 Rf6 53. Rb8 h5 54. Ra8 Kg6 55. Ra5 h4+ 56. Kg2 Kh5 57. Ra8 g4
58. Rh8+ Kg5 59. Rb8 h3+ 60. Kg1 Rf5 61. Rb7 Rd5 62. Rb8 1-0

[Event "II Memorial Oliver Gonzalez"]
[Site "Madrid"]
[Date "2011.10.11"]
[Round "4.46"]
[White "Martinez Miura, Enrique"]
[Black "Fernandez Aransay, Fernando"]
[Result "0-1"]
[WhiteElo "1713"]
[BlackElo "1886"]
[PlyCount "98"]
[EventDate "2011.10.08"]

1. Nf3 d5 2. d4 Nf6 3. e3 e6 4. c4 Be7 5. Nc3 O-O 6. Bd3 c6 7. O-O Nbd7 8. b3
Re8 9. Bb2 Bf8 10. Re1 Qc7 11. Rc1 a6 12. cxd5 exd5 13. Qc2 g6 14. h3 Qd6 15.
e4 dxe4 16. Nxe4 Nxe4 17. Rxe4 Rxe4 18. Bxe4 Nf6 19. Bd3 Be6 20. Ng5 Bd5 21.
Re1 Bg7 22. Bc4 Rd8 23. Bxd5 Qxd5 24. Nf3 Nh5 25. Qe4 Qxe4 26. Rxe4 Bf8 27. Bc3
Nf6 28. Re1 Nd5 29. Bb2 Nf4 30. Re3 Ne6 31. Rd3 Bg7 32. Rd2 h5 33. g3 Rd5 34.
Kf1 Bh6 35. Re2 Bg7 36. Rd2 c5 37. Ke1 cxd4 38. b4 Kf8 39. Rd3 Ke8 40. Nd2 Bf8
41. a3 Kd7 42. Nc4 Kc6 43. Na5+ Kb6 44. Nc4+ Kb5 45. Ne3 Rd8 46. Nc2 Bg7 47.
Ke2 Kc4 48. Ne1 Re8 49. Kd1 Ng5 0-1

[Event "II Memorial Oliver Gonzalez"]
[Site "Madrid"]
[Date "2011.10.11"]
[Round "4.47"]
[White "Martin-Consuegra Barrilero, Jav"]
[Black "Cerrato Torrijos, Javier"]
[Result "1-0"]
[WhiteElo "1880"]
[BlackElo "1683"]
[PlyCount "61"]
[EventDate "2011.10.08"]

1. d4 Nf6 2. Nf3 e6 3. Bf4 b6 4. e3 Bb7 5. Nbd2 Be7 6. h3 O-O 7. Bd3 d5 8. O-O
c5 9. c3 Nbd7 10. Ne5 Rc8 11. Re1 Re8 12. Qf3 Nf8 13. g4 Ng6 14. Bg3 Rf8 15.
Qg2 c4 16. Nxg6 fxg6 17. Bxc4 Bc6 18. Ba6 Ra8 19. Bd3 Bd7 20. e4 dxe4 21. Nxe4
Nd5 22. Rac1 Nf4 23. Bxf4 Rxf4 24. Ng3 Rc8 25. f3 Bh4 26. Re4 Qc7 27. Ne2 Rf7
28. g5 Bxg5 29. Qxg5 Rf5 30. Qg3 Qd8 31. Rg4 1-0

[Event "II Memorial Oliver Gonzalez"]
[Site "Madrid"]
[Date "2011.10.11"]
[Round "4.48"]
[White "Alvarez Escudero, Manuel"]
[Black "Zhynguel Ramirez De Verger, Ale"]
[Result "1/2-1/2"]
[WhiteElo "1874"]
[BlackElo "1516"]
[PlyCount "100"]
[EventDate "2011.10.08"]

1. e4 c5 2. Nf3 d6 3. b3 Nc6 4. Bb2 Nf6 5. Nc3 Bd7 6. d3 g6 7. Nd5 Bg7 8. Nxf6+
Bxf6 9. Bxf6 exf6 10. Be2 f5 11. O-O O-O 12. Re1 Re8 13. Nd2 Nd4 14. c3 Nxe2+
15. Rxe2 Qc7 16. Qc2 d5 17. Rae1 fxe4 18. dxe4 dxe4 19. Nxe4 Kg7 20. c4 Bf5 21.
Qc3+ Qe5 22. Qxe5+ Rxe5 23. Nd6 Rxe2 24. Rxe2 Rd8 25. Nxf5+ gxf5 26. f3 Kf6 27.
Kf2 a6 28. f4 Rd4 29. g3 h5 30. h3 b5 31. cxb5 axb5 32. Re5 Rd2+ 33. Ke3 Rc2
34. Kd3 Rc1 35. Kd2 Ra1 36. Rxc5 Rxa2+ 37. Ke3 Ra5 38. h4 Ke6 39. b4 Ra3+ 40.
Kf2 Ra2+ 41. Kf3 Ra3+ 42. Kg2 Ra2+ 43. Kh3 Rb2 44. Rxb5 f6 45. Rb6+ Ke7 46. b5
Kf7 47. Rb8 Kg7 48. b6 Kh7 49. Rb7+ Kg6 50. Rb8 Kh7 1/2-1/2

[Event "II Memorial Oliver Gonzalez"]
[Site "Madrid"]
[Date "2011.10.11"]
[Round "4.51"]
[White "Perez De Aranda A., Leonardo I"]
[Black "Salgado Duarte, Pablo"]
[Result "1-0"]
[WhiteElo "2142"]
[BlackElo "1484"]
[PlyCount "55"]
[EventDate "2011.10.08"]

1. e4 e5 2. Nf3 Nc6 3. Bb5 d6 4. d4 exd4 5. Nxd4 Bd7 6. Bxc6 bxc6 7. O-O Nf6 8.
c4 c5 9. Nc2 Be7 10. Nc3 O-O 11. Bf4 Bc6 12. f3 Ne8 13. Qe2 Rb8 14. b3 Bg5 15.
Bxg5 Qxg5 16. Ne3 Nf6 17. f4 Qg6 18. e5 Ne4 19. Ncd5 Rfe8 20. Nxc7 Re7 21. Ned5
Bxd5 22. Nxd5 Rd7 23. f5 Ng3 24. hxg3 Qxg3 25. e6 fxe6 26. fxe6 Rdb7 27. e7 Re8
28. Rf8+ 1-0

[Event "II Memorial Oliver Gonzalez"]
[Site "Madrid"]
[Date "2011.10.11"]
[Round "4.52"]
[White "Pablos Tenrero, Raquel"]
[Black "De Dompablo Fantova, Juan"]
[Result "1-0"]
[WhiteElo "1947"]
[BlackElo "1725"]
[PlyCount "63"]
[EventDate "2011.10.08"]

1. e4 c5 2. Nf3 d6 3. d4 cxd4 4. Nxd4 Nf6 5. Nc3 g6 6. g3 Bg7 7. Bg2 O-O 8. O-O
Nc6 9. Nde2 Bd7 10. h3 Rc8 11. Re1 a6 12. Nd5 Nxd5 13. exd5 Ne5 14. c3 Nc4 15.
Nf4 Re8 16. Qf3 Qc7 17. g4 b5 18. Nd3 Ne5 19. Nxe5 Bxe5 20. Re4 f5 21. Re2 fxg4
22. hxg4 Rf8 23. Qh3 Qc4 24. Re4 Qxd5 25. f4 Bg7 26. Rxe7 Qc5+ 27. Be3 Qc7 28.
Bd5+ Kh8 29. Qh6 Rg8 30. Bd4 Bxd4+ 31. cxd4 Bxg4 32. Qxh7# 1-0

[Event "II Memorial Oliver Gonzalez"]
[Site "Madrid"]
[Date "2011.10.11"]
[Round "4.53"]
[White "Sanchez Lopez, Pedro"]
[Black "Rodriguez Vignote, Javier"]
[Result "0-1"]
[WhiteElo "1572"]
[BlackElo "1934"]
[PlyCount "60"]
[EventDate "2011.10.08"]

1. e4 e6 2. Qe2 c5 3. f4 Nc6 4. Nf3 Nge7 5. g3 g6 6. Bg2 Bg7 7. d3 d6 8. a4 Bd7
9. c3 a6 10. Be3 e5 11. Nbd2 b5 12. O-O bxa4 13. Nc4 Qc7 14. fxe5 Nxe5 15.
Ncxe5 dxe5 16. Ng5 O-O 17. Qf2 f6 18. Nf3 Rac8 19. Rfc1 f5 20. Bg5 Qd6 21. Qe3
h6 22. Bxe7 Qxe7 23. Nh4 f4 24. Qf2 Kh7 25. Bf3 Bf6 26. Ng2 fxg3 27. Qxg3 h5
28. Qe1 Bg5 29. Rd1 Rxf3 30. Qe2 Rcf8 0-1

[Event "II Memorial Oliver Gonzalez"]
[Site "Madrid"]
[Date "2011.10.11"]
[Round "4.55"]
[White "Bento Iglesias, Pablo"]
[Black "Tirado Parra, Alberto"]
[Result "0-1"]
[WhiteElo "1389"]
[BlackElo "1914"]
[PlyCount "80"]
[EventDate "2011.10.08"]

1. e4 d5 2. exd5 Qxd5 3. Nf3 Nf6 4. d4 Bf5 5. c4 Qd8 6. Bf4 e6 7. Bd3 Bxd3 8.
Qxd3 c5 9. O-O Nc6 10. Rd1 cxd4 11. Nxd4 Nxd4 12. Qxd4 Qxd4 13. Rxd4 Bc5 14.
Rd3 Ne4 15. Be3 Bxe3 16. Rxe3 Rd8 17. Nc3 Nxc3 18. Rxc3 Rd2 19. Rb3 b6 20. g3
Ke7 21. Rc1 Rhd8 22. Rcc3 Re2 23. c5 bxc5 24. Rxc5 f5 25. Rc7+ Kf6 26. Rbb7
Rdd2 27. Rf7+ Ke5 28. f4+ Ke4 29. Rb4+ Kf3 30. Rb3+ Re3 31. Rxe3+ Kxe3 32. Rxg7
Kf3 33. h4 h5 34. Rg5 Rxb2 35. a4 Rg2+ 36. Kh1 Rxg3 37. Rxh5 Kxf4 38. Rh7 e5
39. Rxa7 e4 40. Kh2 e3 0-1

[Event "II Memorial Oliver Gonzalez"]
[Site "Madrid"]
[Date "2011.10.11"]
[Round "4.59"]
[White "Calderon Martin, Antonio"]
[Black "Merino Araguas, Jose Javier"]
[Result "1-0"]
[WhiteElo "1728"]
[BlackElo "1848"]
[PlyCount "115"]
[EventDate "2011.10.08"]

1. e4 e6 2. d4 b6 3. Nf3 Bb7 4. Nc3 Bb4 5. Bd3 c5 6. O-O cxd4 7. Nxd4 Ne7 8.
Ndb5 a6 9. Nd4 Nbc6 10. Nf3 Ng6 11. Bd2 O-O 12. Re1 Nce5 13. Nxe5 Nxe5 14. Bf1
Qc7 15. a3 Be7 16. Bf4 d6 17. Qe2 b5 18. Bxe5 dxe5 19. Rad1 Rfd8 20. Qh5 Rxd1
21. Rxd1 Rd8 22. Rxd8+ Bxd8 23. Qd1 h6 24. Qd3 Bc6 25. g3 Be7 26. b4 Qb6 27.
Nd1 Qd4 28. Qxd4 exd4 29. f3 e5 30. c3 f5 31. Bd3 fxe4 32. Bxe4 Bxe4 33. fxe4
Bg5 34. cxd4 exd4 35. Nb2 Bc1 36. Nd3 Bxa3 37. Kf2 Kf7 38. Kf3 Kf6 39. e5+ Ke6
40. Ke4 g6 41. Kxd4 a5 42. bxa5 Kd7 43. a6 Kc6 44. e6 Kb6 45. Kd5 Be7 46. Ne5
b4 47. a7 Kxa7 48. Nc6+ Ka6 49. Nxe7 b3 50. Nc6 b2 51. e7 b1=Q 52. e8=Q Qd1+
53. Ke6 Qg4+ 54. Kd6 Qd1+ 55. Kc7 g5 56. Qa8+ Kb5 57. Qa5+ Kc4 58. Qb4+ 1-0

[Event "II Memorial Oliver Gonzalez"]
[Site "Madrid"]
[Date "2011.10.11"]
[Round "4.60"]
[White "Anton Prado, Augusto"]
[Black "Folgar Lopez, Angel"]
[Result "1-0"]
[WhiteElo "1833"]
[BlackElo "1615"]
[PlyCount "55"]
[EventDate "2011.10.08"]

1. e4 c5 2. Nc3 d6 3. g3 Nd7 4. Bg2 e5 5. d3 Ngf6 6. Nge2 Be7 7. O-O O-O 8. f4
a6 9. f5 b5 10. Bg5 Bb7 11. h3 Rc8 12. g4 Qb6 13. Be3 Qc7 14. Ng3 Nb6 15. g5
Ne8 16. Qg4 f6 17. g6 h6 18. Qh4 Bd8 19. Nd1 c4 20. Nf2 d5 21. Ng4 d4 22. Bc1
Qd7 23. Nh5 Rc7 24. Bxh6 cxd3 25. cxd3 Na4 26. Bxg7 Nxg7 27. Nhxf6+ Bxf6 28.
Qh7# 1-0

[Event "II Memorial Oliver Gonzalez"]
[Site "Madrid"]
[Date "2011.10.11"]
[Round "4.61"]
[White "Jimenez Vera, Ruben"]
[Black "De Vega Fernandez, Francisco J"]
[Result "0-1"]
[WhiteElo "1591"]
[BlackElo "1829"]
[PlyCount "82"]
[EventDate "2011.10.08"]

1. d4 d5 2. Nf3 Nf6 3. g3 g6 4. Bg2 Bg7 5. Nc3 c6 6. Bf4 O-O 7. O-O Re8 8. Qd2
Nbd7 9. Ne5 Nh5 10. Nxd7 Nxf4 11. Ne5 Nxg2 12. Kxg2 f6 13. Nd3 e5 14. dxe5 fxe5
15. e4 Be6 16. f4 dxe4 17. Nxe4 exf4 18. Qxf4 Bd5 19. Rae1 Qe7 20. Ndf2 Rf8 21.
Qe3 Rae8 22. c4 Bxc4 23. Rg1 Bd5 24. Qxa7 c5 25. Qa4 Bd4 26. Rgf1 Rxf2+ 27.
Rxf2 Bxe4+ 28. Rxe4 Qxe4+ 29. Rf3 Rf8 30. Qc4+ Kh8 31. Qf1 Qxf3+ 32. Qxf3 Rxf3
33. Kxf3 Bxb2 34. Ke4 c4 35. Ke3 c3 36. Kd3 Kg7 37. h3 Kf6 38. a3 b5 39. Kc2
Ke5 40. Kd3 h5 41. h4 Kf5 0-1